| 000 -LEADER |
| fixed length control field |
00727nam a2200229Ia 4500 |
| 001 - CONTROL NUMBER |
| control field |
17173 |
| 003 - CONTROL NUMBER IDENTIFIER |
| control field |
GE_BSU |
| 008 - FIXED-LENGTH DATA ELEMENTS--GENERAL INFORMATION |
| fixed length control field |
181216s||||||||xx |||||||||||||| ||und|| |
| 040 ## - CATALOGING SOURCE |
| Transcribing agency |
GE_BSU |
| 080 ## - UNIVERSAL DECIMAL CLASSIFICATION NUMBER |
| Universal Decimal Classification number |
821.161.1 |
| 100 ## - MAIN ENTRY--PERSONAL NAME |
| Personal name |
პუშკინი, ა.ს. |
| 245 ## - TITLE STATEMENT |
| Title |
რჩეული ნაწერები : 4 ტომად. ტ. 4 |
| 245 ## - TITLE STATEMENT |
| Statement of responsibility, etc. |
რედ. გ. ქიქოძე |
| 260 ## - PUBLICATION, DISTRIBUTION, ETC. |
| Place of publication, distribution, etc. |
თბილისი |
| 260 ## - PUBLICATION, DISTRIBUTION, ETC. |
| Name of publisher, distributor, etc. |
სახელგამი |
| 260 ## - PUBLICATION, DISTRIBUTION, ETC. |
| Date of publication, distribution, etc. |
1951 |
| 300 ## - PHYSICAL DESCRIPTION |
| Extent |
416 გვ. 23სმ |
| 300 ## - PHYSICAL DESCRIPTION |
| Accompanying material |
დანართი: შენიშვნები გვ. 403-413 |
| 653 ## - INDEX TERM--UNCONTROLLED |
| Uncontrolled term |
მოთხრობა |
| 653 ## - INDEX TERM--UNCONTROLLED |
| Uncontrolled term |
რჩეული ნაწერები |
| 942 ## - ADDED ENTRY ELEMENTS (KOHA) |
| Koha item type |
წიგნი |